00354nam a2200133Ia 4500008004100000041000800041082001400049100001600063245004500079250001400124260004200138300003100180365000900211240624s9999 xx 000 0 und d aeng a158.1 HOG aHOGAN KEVIN aSCIENCE OF INFLUENCE HOW TO GET ANYONE T a(2nd ed.) c2011aNew JerseybJohn Wiley and Sons axiv, : 305 : p. : cm. ; 22 cb27